Newly Industrialized Countries - Statistics

General Stats
  • This quiz has been taken 106 times
  • The average score is 8 of 10
Answer Stats
Answer % Correct
India
87%
China
85%
Indonesia
84%
Brazil
83%
Thailand
77%
Mexico
75%
Malaysia
74%
South Africa
72%
Philippines
71%
Turkey
59%
No matching quizzes found
Score Distribution
Percent of People with Each Score
Percentile by Number Answered
Your Score History
You have not taken this quiz